<?xml version="1.0" encoding="UTF-8"?>
<record
    xmlns:xsi="http://www.w3.org/2001/XMLSchema-instance"
    xsi:schemaLocation="http://www.loc.gov/MARC21/slim http://www.loc.gov/standards/marcxml/schema/MARC21slim.xsd"
    xmlns="http://www.loc.gov/MARC21/slim">

  <leader>01569nam a2200193 a 4500</leader>
  <controlfield tag="008">120515t1993    ag  |||g |||| 001 0 spa d</controlfield>
  <datafield tag="020" ind1=" " ind2=" ">
    <subfield code="a">9500413043</subfield>
  </datafield>
  <datafield tag="041" ind1=" " ind2=" ">
    <subfield code="a">spa</subfield>
  </datafield>
  <datafield tag="092" ind1=" " ind2=" ">
    <subfield code="c">808</subfield>
    <subfield code="l">47</subfield>
    <subfield code="s">LAG</subfield>
  </datafield>
  <datafield tag="100" ind1="1" ind2=" ">
    <subfield code="a">Lagos, Ovidio</subfield>
    <subfield code="9">3522</subfield>
  </datafield>
  <datafield tag="245" ind1=" " ind2="3">
    <subfield code="a">La pasi&#xF3;n de un arist&#xF3;crata.</subfield>
    <subfield code="b">Regina Pacini y Marcelo T. de Alvear /</subfield>
    <subfield code="c">Ovidio Lagos</subfield>
  </datafield>
  <datafield tag="250" ind1=" " ind2=" ">
    <subfield code="a">1a ed.</subfield>
  </datafield>
  <datafield tag="260" ind1=" " ind2=" ">
    <subfield code="a">Buenos Aires:</subfield>
    <subfield code="b">Emece;</subfield>
    <subfield code="c">1993.</subfield>
  </datafield>
  <datafield tag="300" ind1=" " ind2=" ">
    <subfield code="a">294 p.</subfield>
  </datafield>
  <datafield tag="500" ind1=" " ind2=" ">
    <subfield code="a">Lagos, O. (1993). La pasi&#xF3;n de un arist&#xF3;crata. Regina Pacini y Marcelo T. de Alvear. (1a ed.). Buenos Aires : Emec&#xE9;.</subfield>
  </datafield>
  <datafield tag="505" ind1=" " ind2=" ">
    <subfield code="a">Regina Pacini era una cantante de &#xF3;pera portuguesa de fama creciente cuando conoci&#xF3; a Marcelo T. de Alvear. El joven argentino, soltero codiciado por su nombre y su fortuna, daba por entonces sus pasos iniciales en pol&#xED;tica de la mano de Leandro Alem. Cuando escuch&#xF3; cantar a Regina por primera vez, se convirti&#xF3; en su ferviente admirador y la persigui&#xF3; por los teatros l&#xED;ricos m&#xE1;s importantes del mundo. El asedio culmin&#xF3; en romance y mas tarde en boda. Regina lo abandon&#xF3; todo -carrera, familia y pa&#xED;s- para seguir a su marido. A&#xF1;os despu&#xE9;s, Alvear fue elegido presidente de la Naci&#xF3;n. Juntos compartieron momento de alegr&#xED;a y tambi&#xE9;n duras pruebas: los viajes, las fiestas, la casa en Par&#xED;s, la relaci&#xF3;n con Hip&#xF3;lito Irigoyen, las luchas pol&#xED;ticas, la c&#xE1;rcel, el exilio, la fundaci&#xF3;n de la Casa del Teatro. Ovidio Lagos ha sabido pintar con estilo &#xE1;gil y ameno una pareja &#xFA;nica cuyo amor marc&#xF3; una &#xE9;poca de nuestro pasado.  </subfield>
  </datafield>
  <datafield tag="655" ind1=" " ind2=" ">
    <subfield code="a">Novela</subfield>
    <subfield code="9">3091</subfield>
  </datafield>
  <datafield tag="942" ind1=" " ind2=" ">
    <subfield code="2">ddc</subfield>
    <subfield code="c">BK</subfield>
  </datafield>
  <datafield tag="999" ind1=" " ind2=" ">
    <subfield code="c">2677</subfield>
    <subfield code="d">2677</subfield>
  </datafield>
  <datafield tag="952" ind1=" " ind2=" ">
    <subfield code="0">0</subfield>
    <subfield code="1">0</subfield>
    <subfield code="2">ddc</subfield>
    <subfield code="4">0</subfield>
    <subfield code="7">0</subfield>
    <subfield code="a">BFM</subfield>
    <subfield code="b">BFM</subfield>
    <subfield code="c">CR</subfield>
    <subfield code="d">2018-03-06</subfield>
    <subfield code="e">Donaci&#xF3;n Dr. Julio Arce, Marzo 2018.</subfield>
    <subfield code="l">0</subfield>
    <subfield code="o">808 47 LAG</subfield>
    <subfield code="p">4187</subfield>
    <subfield code="r">2018-03-06</subfield>
    <subfield code="t">Ej. 1</subfield>
    <subfield code="w">2018-03-06</subfield>
    <subfield code="y">LIT</subfield>
    <subfield code="z">Proyecto 4to libro. Donaci&#xF3;n Dr. Julio Arce, Marzo 2018.</subfield>
  </datafield>
</record>
